000 01388nam a2200349Ia 4500
001 ebr10661596
003 CaPaEBR
006 m u
007 cr cn|||||||||
008 090811s2010 nyua sb 001 0 eng d
010 _z 2009032917
020 _z1607414783 (hbk.)
020 _z9781607414780 (hbk.)
020 _z9781611220186
040 _aCaPaEBR
_cCaPaEBR
035 _a(OCoLC)839304852
050 1 4 _aUA23
_b.N796 2010eb
082 0 4 _a355.02/170973
_222
245 0 0 _aNuclear weapons' role in 21st century U.S. policy
_h[electronic resource] /
_cDominick R. Pelligrini, editor.
260 _aNew York :
_bNova Science Publishers,
_cc2010.
300 _axiii, 201 p. :
_bill.
490 0 _aWeapons of mass destruction series
504 _aIncludes bibliographical references and index.
533 _aElectronic reproduction.
_bPalo Alto, Calif. :
_cebrary,
_d2013.
_nAvailable via World Wide Web.
_nAccess may be limited to ebrary affiliated libraries.
650 0 _aNuclear weapons
_xGovernment policy
_zUnited States.
650 0 _aNational security
_zUnited States.
651 0 _aUnited States
_xMilitary policy.
655 7 _aElectronic books.
_2local
700 1 _aPelligrini, Dominick R.
710 2 _aebrary, Inc.
856 4 0 _uhttp://site.ebrary.com/lib/rucke/Doc?id=10661596
_zAn electronic book accessible through the World Wide Web; click to view
999 _c66895
_d66895